| 000 | 00356nam a22001337a 4500 | ||
|---|---|---|---|
| 020 | _a978-81-265-2077-0 | ||
| 082 |
_a530 _bABH/S |
||
| 100 | _aABHAY KUMAR SINGH | ||
| 245 |
_aSOLUTIONS TO IRODOV'S PROBLEMS IN GENERAL PHYSICS VOL -II _bCLASS XII |
||
| 260 |
_aDELHI _bWILEY INDIA _c2011 |
||
| 300 | _a429 | ||
| 650 |
_aPHYSICS FOR CLASS XII _zINDIA |
||
| 942 | _cBK | ||
| 999 |
_c662 _d662 |
||